Quiz Ciné/Série par lettre - L - Statistiques

Statistiques générales
  • Ce quiz a été pris 79 fois
  • Le résultat moyen est 11 sur 20
Statistiques - réponses
Hint Réponse % Correct
Émission humoristique où des personnalités doivent se faire rire mais ne doivent pas rire LOL
89%
Quel animal est Aslan dans les Mondes de Narnia ? Lion
86%
Isolé sur une île mystérieuse après un crash d'avion Lost
79%
Frère de Thor par adoption Loki
76%
Papa de Star Wars George Lucas
75%
Devant la caméra dans "La French", derrière dans "Le Grand Bain" Gilles Lellouche
69%
Gabrielle Solis dans "Desperate Housewives" Eva Longoria
69%
Créateur de cette émission Philippe Lacheau
68%
L'un des Inconnus Pascal Légitimus
66%
Christopher et Bruce Lee
65%
Prise d'otage dans la maison royale de la Monnaie d'Espagne La Casa de Papel
63%
Professeur de défense contre les forces du mal dans "Le Prisonnier d'Azkaban" Lupin
46%
Maison qui paie toujours ses dettes Lannister
45%
Gérard Butler dans 300 Leonidas
44%
"Twin Peaks" côté série, "Lost Highway" côté ciné David Lynch
42%
Acteur de Rick dans la série "The Walking Dead" Andrew Lincoln
32%
Actrice italienne star et icône de l'âge d'or du Cinéma hollywoodien Sophia Loren
28%
Réalisateur grec de "The Lobster" de "La Favorite" Yorgos Lanthimos
21%
Président du Festival de Cannes de 2014 à 2022 Pierre Lescure
20%
Suzanne Clément et Melvil Poupaud dans une romance de Xavier Dolan Laurence Anyways
11%
Aucun quiz correspondant
Distribution des résultats
% des personnes avec chaque résultat
Percentile par nombre de réponses
Votre historique - résultats
Vous n’avez pas pris ce quiz